00523nam a22001697a 450000500170000001000150001702000260003203500130005803700240007108200060009510000130010124500960011426000330021027000470024330000340029049000290032420111130121640.0 aB-444690  a9781405206358c425.00 aB-444690 aBlue Berry/VenbDPL00aS0 aHergé,14aTintin and the Picaros /cHergé ; translated by Leslie Lonsdale-Cooper and Michael Turner aLondonbEgmont UK Ltd.c2010 a239 Kensington High StreetbLondoneW86SA a62p. bcol. ill.c30 cm.(pbk)1 aThe Adventures of Tintin